MARC

LEADER 00000nbm0a2200000 4500
001 164891
005 20231227112540.0
035 |a (RuTPU)RU\TPU\book\178887 
090 |a 164891 
100 |a 20090911d2009 k y0rusy50 ca 
101 0 |a rus 
102 |a RU 
105 |a a m 001zy 
200 1 |a Пороговые процессы в твердых телах при взаимодействии с сильноточными электронными пучками  |e диссертация на соискание ученой степени доктора физико-математических наук  |e спец. 01.04.07  |f В. И. Олешко  |g Томский политехнический университет (ТПУ) ; науч. конс. В. М. Лисицын 
210 |a Томск  |c [Б. и.]  |d 2009 
215 |a 357 л.  |c ил. 
320 |a Библиогр.: с. 325-357 (307 назв.). 
606 1 |a Диэлектрики  |x Пробой  |2 stltpush  |3 (RuTPU)RU\TPU\subj\39081  |9 36944 
606 1 |a Разрушение  |x Теория  |2 stltpush  |3 (RuTPU)RU\TPU\subj\23642 
610 1 |a полупроводники 
610 1 |a электрический пробой 
610 1 |a облучение 
610 1 |a импульсы 
610 1 |a сильноточные электронные пучки 
610 1 |a генерация 
610 1 |a тепловой взрыв 
610 1 |a эрозионная плазма 
610 1 |a оптические характеристики 
610 1 |a лазерные пучки 
610 1 |a азиды тяжелых металлов 
610 1 |a тяжелые металлы 
610 1 |a взрывное разложение 
610 1 |a инициирование 
610 1 |a кинетика 
610 1 |a детонация 
610 1 |a диссертации 
610 1 |a труды учёных ТПУ 
675 |a 537.226.8(04)  |v 3 
675 |a 539.4.01(04)  |v 3 
686 |a 01.04.07  |2 oksvnk 
700 1 |a Олешко  |b В. И.  |c специалист в области светотехники  |c профессор Томского политехнического университета, доктор физико-математических наук  |f 1948-  |g Владимир Иванович  |3 (RuTPU)RU\TPU\pers\27390  |9 12727 
702 1 |a Лисицын  |b В. М.  |c физик  |c профессор Томского политехнического университета, кандидат физико-математических наук  |f 1939-  |g Виктор Михайлович  |3 (RuTPU)RU\TPU\pers\10510  |4 695  |9 2237 
712 0 2 |a Томский политехнический университет (ТПУ)  |c (1991- )  |3 (RuTPU)RU\TPU\col\376 
801 1 |a RU  |b 63413507  |c 20090911 
801 2 |a RU  |b 63413507  |c 20150316  |g RCR 
942 |c BK